Cvičenia zo základov poľnohospodárskej výroby : experimentálny učebný text pre 4. ročník gymnázií. Rastlinná výroba /
Uložené v:
| Hlavný autor: | |
|---|---|
| Médium: | Kniha |
| Jazyk: | Slovak |
| Vydané: |
Bratislava :
Príroda,
1981.
|
| Vydanie: | 1. vyd. |
| Edícia: | Ekonomika poľnohospodárstva
|
| ISBN: |
(brož.) |
| Fyzický popis: |
201 s. : obr., tab. |
| Tagy: |
Pridať tag
Žiadne tagy, Buďte prvý kto otaguje tento záznam!
|
Titul je dostupný aj v ... 

MARC
| LEADER | 00000nam a2200000 a 4500 | ||
|---|---|---|---|
| 001 | 000104534 | ||
| 005 | 20100901191952.0 | ||
| 008 | 040101s1981 xo al d p 000 0 slo d | ||
| 020 | |a (brož.) |c Kčs 17,00 | ||
| 040 | |a SVKKK |b slo |c SVKKK |e AACR2 | ||
| 041 | 0 | |a slo | |
| 044 | |a xo |c SK | ||
| 100 | 1 | |a Marton, Oliver | |
| 245 | 1 | 0 | |a Cvičenia zo základov poľnohospodárskej výroby : |b experimentálny učebný text pre 4. ročník gymnázií. |p Rastlinná výroba / |c Oliver Marton. |
| 246 | 3 | 0 | |a Rastlinná výroba |
| 250 | |a 1. vyd. | ||
| 260 | |a Bratislava : |b Príroda, |c 1981. | ||
| 300 | |a 201 s. : |b obr., tab. | ||
| 490 | 1 | |a Ekonomika poľnohospodárstva | |
| 830 | 0 | |a Ekonomika poľnohospodárstva | |
| 910 | |a svkkk | ||
| 998 | |a BK | ||
| 090 | |g SCKHL |k Sklad Pribinova 3. posch. |a V.128581 |j 651557 |i 2720964529 |s Povinný výt. | ||